| 000 | 00994nam a2200241 a 4500 | ||
|---|---|---|---|
| 001 | 85248 | ||
| 003 | BD-RjUL | ||
| 005 | 20250720165514.0 | ||
| 008 | 250720s202 bg a|||| m||| 00| 0 eng d | ||
| 035 | _a(BD-RjUL) | ||
| 040 |
_aBD-RjUL _beng _cBD-RjUL _dBD-RjUL |
||
| 041 | _aeng | ||
| 082 |
_223 _a639.34095492 _bSAS 2023 |
||
| 100 |
_aSarmin, Mst. Shakila _916108 |
||
| 245 | 1 | 0 |
_aStock assessment of megalaspis cordyla from the bay of Bengal in Bangladesh / _cSubmitted by Mst. Shakila Sarmin ; _6Supervisor : Md. Yeamin Hossain |
| 260 |
_aRajshahi : _bDepartment of Fisheries Faculty of Agriculture, University of Rajshahi, _c2023 |
||
| 300 |
_axi, 135 leaves : _bill, ; _c29.cm. |
||
| 502 | _aThesis (Ph.D.) -- Department of Fisheries Faculty of Agriculture, University of Rajshahi, 2023 | ||
| 504 | _aReferences : Leaves 121 - 135 | ||
| 650 |
_aFisheries (Megalaspis cordyla) _zBangladesh ( Bay of Bengal ) _916109 |
||
| 700 |
_aHossain, Md. Yeamin, Supervisor _97036 |
||
| 942 |
_2ddc _cTHE |
||
| 999 |
_c85248 _d85248 |
||